000 00429nam a2200169Ia 4500
003 GCL
008 140319s9999 xx 000 0 eng d
040 _aGCL /
_cGCL
082 0 4 _aCH
_b028.7
_bC T
100 1 _aCIVARDI, ANNE
245 1 0 _aTHINGS PEOPLE DO /
_cCIVARDI, ANNE
700 1 _aCARTWRIGHT, STEPHEN
260 _a[S.N] :
_bUSBORNE PUBLISHING LTD ،
_c1985
300 _a38 P
650 0 4 _aCHILDREN
942 _2ddc
_cBK
999 _c14343
_d14343